000 00812nas a2200265 4500
001 BR0203513
003 BR-BrBNA
005 20231205103113.0
007 ta
008 230509b bl.|||p| |||| 00| 00por d
040 _aBR-BrBNA
_bpor
_cBiblioteca Nacional de Agricultura
041 _a(Pt)
072 _aH20
100 1 _aLeite, R.M.V.B.C.
100 1 _aAmorim, L.
245 1 _aInfluência da temperatura e do molhamento foliar no monociclo da mancha de alternaria em girassol
650 _aGIRASSOL
650 _aMANCHA DE ALTERNARIA
650 _aTEMPERATURA
650 _aEPIDEMIOLOGIA
650 _aHÍBRIDO
773 0 _tFitopatologia Brasileira (Brazil)
_xISSN 0100-4158
_g(Mar-Apr 2002), v. 27(2) p. 193-200
_wBR0203513
909 _a202311
_bLúcia
_c55
_dLúcia Elande
942 _2AGRIS
_n0
_cANA
999 _c171094
_d171094